000 00355nam a2200145Ia 4500
020 _a9.7893712693e+012
082 _a330
_bMIT/B
100 _a20260330u\\\\\\\\\\\y0engy0103\\\\ba
100 _aMittal, Abha
245 0 _aBusiness Economics
250 _a2nd
260 _aNew Delhi
_bTaxmann Publication Pvt Ltd
_c2025
300 _a352p.
942 _cBK
999 _c52441
_d52441